|
|
|
|
| LEADER |
00000cam a2200000 a 4500 |
| 001 |
vtls001418170 |
| 003 |
SK-MaSNL |
| 005 |
20260301012717.0 |
| 008 |
251112s1853 xo f 010 0 ger |
| 015 |
|
|
|a SNBHFA1853
|
| 035 |
|
|
|a SNK000372970
|
| 035 |
|
|
|a urn:nbn:sk:snk-am3ha94
|
| 035 |
|
|
|a A2FA30B7-C73C-4678-BA82-9D161AEB6C36
|
| 035 |
|
|
|a urn:nbn:sk:snk-am00cs9k
|
| 040 |
|
|
|a SNKHF
|b slo
|c SNK
|e AACR2
|
| 041 |
0 |
|
|a ger
|
| 044 |
|
|
|a xo
|c SK
|
| 072 |
|
7 |
|a 93/94
|x Dejiny
|2 konpekt
|
| 080 |
|
|
|a 94
|2 2011
|
| 080 |
|
|
|a 094
|2 2011
|
| 080 |
|
|
|a 911.375(091)
|2 2011
|
| 080 |
|
|
|a (439.2)
|2 2011
|
| 100 |
1 |
|
|a Kachelmann, Ján Kazimír,
|d 1806-1873
|4 aut
|9 132800
|
| 245 |
1 |
0 |
|a Geschichten der ungarischen Bergstädte und ihrer Umgebung
|n Erste Vorlesung
|p (bis zum Jahre 1000) gehalten zur 500jährigen Gründungsfeier von Hodritz auf Kerlingens todten Gebeinen im Sommer 1852
|c von Johann Kachelmann
|
| 260 |
|
|
|a Schemnitz
|b gedruckt bei Franz Lorber
|c 1853
|
| 300 |
|
|
|a [8], 80 s.
|b ilustrácie
|c 21 cm
|
| 500 |
|
|
|a Dve celostranové ilustrácie hradov Gýmeš a Revište
|
| 500 |
|
|
|a Kolácia: [8], 1-56, [2], 57-64, [2], 65-80 s.; ilustrácie; 8º; 21 x 14 cm
|
| 500 |
|
|
|a Linky, ilustrácie, verzálka, tlač. pozn. pod čiarou
|
| 500 |
|
|
|a V publikácii sa nachádzajú erráta a doplnky (Berichtigungen und Zusätze).
|
| 500 |
|
|
|a V publikácii sa nachádzajú rkp. poznámky v nemeckom jazyku.
|
| 501 |
|
|
|a Príväzok 1.: KACHELMANN, Johann. Geschichte der ungrischen Bergstädte und ihrer Umgebung. Zweite Vorlesung. Schemnitz: bei Franz Lorber, 1855.
|5 SNK SC 704
|
| 501 |
|
|
|a Príväzok 2.: KACHELMANN, Johann. Geschichte der ungrischen Bergstädte und ihrer Umgebung. Dritter Theil. Schemnitz: Druck von Stephan Mihalik, 1867.
|5 SNK SC 704
|
| 501 |
|
|
|a Príväzok 3.: KACHELMANN, Johann. Das Alter und die Schicksale des ungarischen, zunächst schemnitzer Bergbaues... Pressburg: Druck von C. F. Wigand, 1870.
|5 SNK SC 704
|
| 501 |
|
|
|a Príväzok 1.: KACHELMANN, Johann. Geschichte der ungrischen Bergstädte und ihrer Umgebung. Zweite Vorlesung. Schemnitz: bei Franz Lorber, 1855.
|5 SVKPO: A 78003
|
| 501 |
|
|
|a Príväzok 1.: KACHELMANN, Johann. Geschichte der ungrischen Bergstädte und ihrer Umgebung. Zweite Vorlesung. Schemnitz: bei Franz Lorber, 1855.
|5 SVKPO: B 11570
|
| 504 |
|
|
|a Poznámky pod textom
|
| 561 |
|
|
|a Okrúhla pečiatka: Muzeumi Tót Társaság.
|5 SNK SC 704
|
| 561 |
|
|
|a Proveniencie: Peč.: Mestská knižnica Dobšiná - Z rezervných fondov Knižnice Matice slovenskej - Štátna Vedecká Knižnica Prešov - Štátna vedecká knižnica v Prešove
|5 SVKPO: A 78003
|
| 561 |
|
|
|a Proveniencia: Peč.: Helysz: Leltár: - Pozsonyi Vár. Nyil. Föreáltanoda Tulajdona - A Pozsonyi M. Kir. Állami Förealiskolai Könyvtár Pecsétje - Ústredná knižnica Pedagogickej fakulty SU v Bratislave. - Štátna vedecká knižnica v Prešove - Štátna vedecká knižnica v Prešove
|5 SVKPO: B 11570
|
| 562 |
|
|
|a Provenienčný záznam na titulnom liste: Z kníh Andreja Kmeťa farára prenčovského.
|5 SNK SC 704
|
| 563 |
|
|
|a Väzba: pôvodná, lepenka, mramorovaný hnedo-červeno-oranžový papier, chrbát a rohy - hnedé plátno; na chrbte - link. zláten. slepotlač, s textom: "Kachelmann, Geschichten", súč. sign.
|5 SVKPO: A 78003
|
| 563 |
|
|
|a Väzba: pôvodná, kartón, zeleno-oranžový máčaný papier, rohy a chrbát hnedá koženka. Na chrbte zlátené slepotlač. linky a zlátený slepotlač. názov titulu prekrytý papierovým štítkom so súčasnou signatúrou
|5 SVKPO: B 11570
|
| 650 |
0 |
7 |
|a banské mestá
|2 SNK
|9 66950
|
| 650 |
0 |
7 |
|a dejiny
|2 SNKPH
|9 3825
|
| 650 |
0 |
7 |
|a staré tlače
|2 SNKPH
|9 51683
|
| 650 |
0 |
7 |
|a dejiny miest
|2 SNKPH
|9 164833
|
| 651 |
|
7 |
|a Uhorsko
|2 SNKPH
|9 28673
|
| 700 |
1 |
|
|a Kmeť, Andrej,
|d 1841-1908
|4 fmo
|9 191981
|
| 700 |
1 |
|
|a Rauh, J.
|4 ill
|9 298189
|
| 700 |
1 |
|
|a Lorber, František,
|d zomrel po 1871
|4 prt
|9 193747
|
| 752 |
|
|
|a Slovensko
|d Banská Štiavnica
|
| 852 |
|
|
|a snk
|b Historické fondy
|p SC 704
|
| 852 |
|
|
|a SVKPO
|c Historické fondy
|p A 78003, B 11570
|
| 958 |
|
|
|a ONDV
|
| 958 |
|
|
|a DF
|
| 999 |
|
|
|c 554205
|d 556135
|
| 952 |
|
|
|t Kme 87
|a SNK
|b SNK
|c SNK_HF
|y PREZ
|7 0
|p 17A0309264
|o snkSC 704
|i snk1616/29
|8 5
|0 0
|1 0
|4 0
|d 2001-08-03
|f 1
|l 0
|r 2005-01-02 00:00:00
|w 2026-02-23
|